Fashion is spinach,
Saved in:
| Main Author: | |
|---|---|
| Corporate Author: | |
| Other Authors: | , |
| Format: | Book |
| Language: | English |
| Published: |
New York,
Random House
[1938]
|
| Subjects: | |
| Tags: |
Add Tag
No Tags, Be the first to tag this record!
|
| LEADER | 01667cam a22004331 4500 | ||
|---|---|---|---|
| 001 | 13050263 | ||
| 005 | 20180219162406.0 | ||
| 008 | 730130s1938 nyu 000 0 eng | ||
| 010 | |a 38017834 | ||
| 035 | |a (OCoLC)ocm00547173 | ||
| 035 | |a (OCoLC)547173 | ||
| 035 | |a (NNC)13050263 | ||
| 040 | |a DLC |b eng |c ASC |d DLC |d OCLCQ |d OCLCG |d OCLCF |d OCLCQ |d OCLCO | ||
| 050 | 0 | 0 | |a TT505.H35 |b A3 1938b |
| 082 | 0 | 4 | |a 646.04 |
| 100 | 1 | |a Hawes, Elizabeth, |d 1903-1971. | |
| 245 | 1 | 0 | |a Fashion is spinach, |c by Elizabeth Hawes. |
| 260 | |a New York, |b Random House |c [1938] | ||
| 300 | |a x, 336 [l] pages |c 22 cm | ||
| 336 | |a text |b txt |2 rdacontent | ||
| 337 | |a unmediated |b n |2 rdamedia | ||
| 338 | |a volume |b nc |2 rdacarrier | ||
| 500 | |a Illustrated lining-papers; head and tail pieces. | ||
| 500 | |a Personal experiences of a costume designer. | ||
| 500 | |a "Decorations by Alexey Brodovitch. Printed in U.S.A. by H. Wolff."--t.p. verso. | ||
| 500 | |a Illustration on p. [v] "by courtesy of Carl Rose & The New Yorker. | ||
| 500 | |a Rare Book copy: "Eighth Printing." In original dust jacket. |5 NNC | ||
| 650 | 0 | |a Fashion. | |
| 650 | 0 | |a Clothing and dress. | |
| 650 | 0 | |a Fashion design. | |
| 650 | 7 | |a Clothing and dress. |2 fast |0 (OCoLC)fst00864680 | |
| 650 | 7 | |a Fashion. |2 fast |0 (OCoLC)fst00921600 | |
| 650 | 7 | |a Fashion design. |2 fast |0 (OCoLC)fst01200123 | |
| 700 | 1 | |a Brodovitch, Alexey, |d 1898-1971, |e illustrator. | |
| 700 | 1 | |a Rose, Carl, |d 1902?-1971, |e illustrator. | |
| 700 | 1 | |a Reichl, Ernst, |d 1900-1980, |e book designer. |5 NNC | |
| 700 | 1 | |a Brodovitch, Alexey, |d 1898-1971, |e book designer. |5 NNC | |
| 710 | 2 | |a H. Wolff, Inc., |e printer. | |
| 852 | 8 | 0 | |b rbx |k AIGA |h 1939 |i 32 |


